| 000 | 00770nam a2200241 a 4500 | ||
|---|---|---|---|
| 005 | 20240913063723.0 | ||
| 008 | 991125s1994 mx 000 0 spa u | ||
| 020 | _a9682313368 | ||
| 035 | _aUPN01000014151 | ||
| 049 | _aCG | ||
| 050 | 4 |
_aHM101 _bH3.28 1994 |
|
| 100 | 1 | _aHarris, Marvin | |
| 245 | 1 | 3 |
_aEl desarrollo de la teoría antropológica : _bhistoria de las teorías de la cultura / _cpor Marvin Harris ; tr. Ramón Valdés del Toro. |
| 250 | _a11a ed. | ||
| 260 |
_aMéxico : _bSiglo XXI, _c1994. |
||
| 300 | _a690 p. | ||
| 440 | 0 | _aAntropología | |
| 590 | _a(También localizas un ejemplar en el "Area de Reserva") | ||
| 590 | _aBibliografía Básica (BGTQ), 2010 | ||
| 650 | 4 |
_aCultura _97095 |
|
| 650 | 4 |
_aEvolución social _96707 |
|
| 905 | _aLibro | ||
| 999 |
_c14151 _d14151 |
||